| 000 | 00844nas a2200265 4500 | ||
|---|---|---|---|
| 001 | BR9511810 | ||
| 003 | BR-BrBNA | ||
| 005 | 20231205095616.0 | ||
| 007 | ta | ||
| 008 | 230509b bl.|||p| |||| 00| 00por d | ||
| 040 |
_aBR-BrBNA _bpor _cBiblioteca Nacional de Agricultura |
||
| 041 | _a(Pt) | ||
| 072 | _aF01 | ||
| 100 | 1 | _aIuchi, T. | |
| 100 | 1 | _aGuidoni, A.L. | |
| 100 | 1 | _aIuchi, V.L. | |
| 245 | 1 | _aEfeitos de doses de DNOC e DNBP na presenca de oleo mineral sobre a quebra da dormencia da macieira (Malus domestica Borkh) | |
| 650 | _aMaca | ||
| 650 | _aRegulador de Crescimento | ||
| 650 | _aQuebra da Dormencia | ||
| 650 | _aEspirito Santo | ||
| 773 | 0 |
_tRevista Brasileira de Fruticultura (Brazil) _xISSN 0100-2945 _g(1990), v. 12(2) p. 19-26 _wBR9511810 |
|
| 909 |
_a202311 _bLúcia _c55 _dLúcia Elande |
||
| 942 |
_2AGRIS _n0 _cANA |
||
| 999 |
_c151668 _d151668 |
||